| 000 | 00796nas a2200265 4500 | ||
|---|---|---|---|
| 001 | BR9902513 | ||
| 003 | BR-BrBNA | ||
| 005 | 20231205101413.0 | ||
| 007 | ta | ||
| 008 | 230509b bl.|||p| |||| 00| 00por d | ||
| 040 |
_aBR-BrBNA _bpor _cBiblioteca Nacional de Agricultura |
||
| 041 | _a(En) | ||
| 072 | _aF40 | ||
| 100 | 1 | _aOliveira, P.S. | |
| 100 | 1 | _aPie, M.R. | |
| 245 | 1 | _aInteraction between ants and plants bearing extraflorestal nectaries in cerrado vegetation | |
| 650 | _aPlanta Melifera | ||
| 650 | _aNectar | ||
| 650 | _aFormiga | ||
| 650 | _aPredador | ||
| 650 | _aCerrado | ||
| 773 | 0 |
_tAnais da Sociedade Entomologica do Brasil (Brazil) _xISSN 0301-8059 _g(Jun 1998), v. 27(2) p. 161-176 _wBR9902513 |
|
| 909 |
_a202311 _bLúcia _c55 _dLúcia Elande |
||
| 942 |
_2AGRIS _n0 _cANA |
||
| 999 |
_c161615 _d161615 |
||